Nadmerné zadlženie krajín eurozóny bakalárska práca

Uložené v:
Podrobná bibliografia
Hlavný autor: Tatarková, Lenka
Korporativný autor: Národohospodárska fakulta EU. Katedra bankovníctva a medzinárodných financií
Ďalší autori: Zeman, Mário, 1993-
Médium: Kniha
Jazyk:Slovak
Vydavateľské údaje: Bratislava 2022
Tagy: Pridať tag
Žiadne tagy, Buďte prvý, kto otaguje tento záznam!

MARC

LEADER 00000nbm a2200000 4500
001 0285008
005 20221006134124.7
041 0 |a slo 
044 |a SK 
245 1 0 |a Nadmerné zadlženie krajín eurozóny  |b bakalárska práca  |c Lenka Tatarková ; školiteľ: Mário Zeman 
264 1 |a Bratislava  |c 2022 
300 |a 56 s. 
100 1 |a Tatarková, Lenka 
700 1 |a Zeman, Mário, 1993- 
710 2 |a Národohospodárska fakulta EU. Katedra bankovníctva a medzinárodných financií